Situación actual y perspectivas de la investigación en vivienda y asentamientos humanos

Salvato in:
Dettagli Bibliografici
Autore principale: Madden Arias, Lidiethe
Natura: testo
Pubblicazione: San José: Sector de Vivienda y Asentamientos Humanos
Tags: Aggiungi Tag
Nessun Tag, puoi essere il primo ad aggiungerne!!

MARC

LEADER 00000 a a2200000 04500
001 14963
003
040 |a CRAI/IIS  |c CRAI/IIS 
090 |a 023900  
100 |a Madden Arias, Lidiethe  
245 |a Situación actual y perspectivas de la investigación en vivienda y asentamientos humanos  
260 |a San José:   |b Sector de Vivienda y Asentamientos Humanos  
300 |a 74; 34 p.  
999 |c 3653  |d 3653